000 00683 a2200205 4500
020 _a0538836784
020 _a9780538836784
082 0 4 _a658.8
090 _c2037
_d2037
100 1 _aBingham, Frank G.
245 1 0 _aBusiness marketing management /
_cFrank G. Bingham.
260 _a[S.l.] :
_bSouth-Western, Div of Thomson Learning,
_c1994.
300 _a635 p. ;
_c25 cm.
500 _aImport.
500 _aHardcover.
700 1 _aRaffield, Barney.
856 4 0 _3Amazon.com
_uhttp://www.amazon.com/exec/obidos/ASIN/0538836784/chopaconline-20
856 4 0 _3Amazon customer reviews
_uhttp://www.chopac.org/cgi-bin/tools/azrev.pl?q=0538836784
942 _aNBS
_cBK
_k658.8 BIN
999 _c344540
_d344540